47 Leków Ratownika medycznego - Statystyki

Ogólne statystyki
  • Ten quiz został rozwiązany 19 razy
  • Średni wynik to 4 z 47
Statystyki odpowiedzi
Odpowiedź % Poprawnych
Acidum acetylsalicylicum
64%
Adenosinum
18%
Epinephrinum
18%
Fentanylum
18%
Glucosum 20%
18%
Glucosum 5%
18%
Ibuprofenum
18%
Ketoprofenum
18%
Paracetamolum
18%
Amiodaroni hydrochloridum
9%
Atropini sulfas
9%
Budesonidum
9%
Captoprilum
9%
Clemastinum
9%
Clonazepamum
9%
Clopidogrelum
9%
Dexamethasoni phosphas
9%
Diazepamum
9%
Drotaverini hydrochloridum
9%
Flumazenilum
9%
Furosemidum
9%
Glucagoni hydrochloridum
9%
Glyceroli trinitras
9%
Heparinum natricum
9%
Hydrocortisonum
9%
Isosorbidi mononitras
9%
Morphini sulfas
9%
Tlen medyczny
9%
Hydroxyzinum
0%
Lidocaini hydrochloridum
0%
Magnesii sulfas
0%
Mannitolum – 15%
0%
Metamizolum natricum
0%
Metoclopramidum
0%
Metoprololi tartras
0%
Midazolamum
0%
Naloxoni hydrochloridum
0%
Natrii chloridum0,9%
0%
Natrii hydrogenocarbonas 8,4%
0%
Papaverini hydrochloridum
0%
Płyn fizjologiczny
0%
Płyny koloidowe
0%
Salbutamolum
0%
Solutio Ringeri
0%
Thiethylperazinum
0%
Ticagrelor
0%
Urapidilum
0%
Nie znaleziono quizów pasujących do podanych kryteriów
Rozkład punktacji
Procent ludzi z każdym wynikiem
Percentyl według liczby udzielonych odpowiedzi
Twoja historia wyników
Nie rozwiązałeś tego quizu